000
00277nam a2200097Ia 4500
001
652949
005
20250826154448.0
008
250824s9999 xx 000 0 und d
245
0
_a
İSLAM ÖNCESİ MEKKE DÖNEMİ VE HZ MUHAMMED
_c
İHSAN SÜREYYA SIRMA
260
_b
BEYAN YAYINLARI
999
_c
652949
_d
652949